000 00705nam a2200241 i 4500
001 bg
100 1 _aSZYMAŃSKI, Marian
245 1 0 _aZbiór zadań z termodynamiki /
_cMarian Szymański, Marek Szymczak, Jan Łukasiewicz.
260 _aBydgoszcz :
_bWydawnictwa Uczelniane Akademii Techniczno-Rolniczej,
_ccop. 2006.
300 _a182 s. :
_bwykr. ;
_c24 cm.
504 _aBibliogr.
650 9 _aTermodynamika
655 _aPodręczniki akademickie
700 1 _aSZYMCZAK, Marek
700 1 _aŁUKASIEWICZ, Jan
020 _a838933433X
040 _cBPK
041 0 _apol
080 _a536.7(075.8)
920 _a83-89334-33-X
942 _cKS
008 s pl f |000 0 pol
999 _c53221
_d53221
856 _uhttp://koha.tu.koszalin.pl/cgi-bin/koha/opac-detail.pl?biblionumber=53221
_yKatalog online BPK